| 000 | 00715nam a22002297a 4500 | ||
|---|---|---|---|
| 005 | 20251108173526.0 | ||
| 008 | 250721s9999 xx 000 0 ara d | ||
| 082 | 1 | 4 | _aط/956.0669/صلا |
| 100 | 1 | _aهنداوي، خليل | |
| 245 | 1 | 0 | _aصلاح الدين الأيوبي / |
| 264 | 1 |
_aبيروت : _bدار الشرق العربي، |
|
| 300 | _a112ص. | ||
| 490 | 0 | _a.اعلام خالدون | |
| 650 | 1 | 7 | _aالتاريخ الإسلامي |
| 650 | 1 | 7 | _aالأيوبيون 1252-1174 |
| 653 | _aناشئون صغار (10-14 سنة ( | ||
| 700 | 1 | _aالانطاقي، محمد | |
| 700 | 1 | _aحاضري، بدر الدين | |
| 700 | 1 | _aقجة، محمد | |
| 942 |
_2ddc _cBK |
||
| 999 |
_c105991 _d105991 |
||